[Event "Thüringenliga 2015/2016"]
[Site "?"]
[Date "2016.01.24"]
[Round "9"]
[White "Steckmann, Kerstin"]
[Black "Jakob, Matthias"]
[Result "0-1"]
[WhiteElo "1503"]
[BlackElo "1952"]
[PlyCount "60"]
[EventDate "2016.??.??"]
[WhiteTeam "ESV Gera"]
[BlackTeam "SV Medizin Erfurt"]

1. d4 Nc6 2. c4 Nf6 3. Nf3 e6 4. Nc3 Bb4 5. Bd2 O-O 6. e3 d6 7. Qc2 e5 8. a3
Bxc3 9. Bxc3 exd4 10. Nxd4 Ne5 11. Be2 Qe7 12. O-O Ng6 13. h3 Ne4 14. Bf3 f5
15. Bxe4 fxe4 16. Ne2 Bd7 17. Ng3 Rae8 18. Rad1 Nh4 19. Qd2 Rf7 20. Qd5 Bc6 21.
Qh5 b6 22. Rd4 g6 23. Qg4 a5 24. b3 Nf5 25. Rdd1 Ng7 26. Rd4 Bb7 27. Rfd1 Qf6
28. Qe2 Ne6 29. Nxe4 Bxe4 30. Rxe4 Qxc3 {ZÜ} 0-1

[Event "Thüringenliga 2015/2016"]
[Site "?"]
[Date "2016.01.24"]
[Round "9"]
[White "Nguyen, Ha Thanh"]
[Black "Krüger, Mario"]
[Result "0-1"]
[WhiteElo "1689"]
[BlackElo "1443"]
[PlyCount "56"]
[EventDate "2016.??.??"]
[WhiteTeam "SV Medizin Erfurt"]
[BlackTeam "ESV Gera"]

1. e4 e6 2. d4 d5 3. Nc3 Nf6 4. Bg5 Be7 5. e5 Nfd7 6. h4 a6 7. Qg4 f5 8. exf6
Nxf6 9. Qg3 Bd6 10. Qe3 Qe7 11. Nf3 Nc6 12. O-O-O b5 13. Re1 b4 14. Nd1 O-O 15.
Ne5 Nd8 16. h5 Nf7 17. Bh4 c5 18. Nc6 Qc7 19. dxc5 Bf4 20. Ne7+ Kh8 21. Bxf6
Bxe3+ 22. Rxe3 gxf6 23. Ng6+ hxg6 24. hxg6+ Kg7 25. gxf7 Qf4 26. Bd3 f5 27. Kb1
Kxf7 28. Rh7+ Kg8 0-1

[Event "Thüringenliga 2015/2016"]
[Site "?"]
[Date "2016.01.24"]
[Round "9"]
[White "Siebarth, Raiko"]
[Black "Kölsch, Maximilian"]
[Result "1-0"]
[WhiteElo "2205"]
[BlackElo "2192"]
[PlyCount "73"]
[EventDate "2016.??.??"]
[WhiteTeam "SG Blau-Weiß Stadtilm"]
[BlackTeam "SV Schott Jena"]

1. e4 c5 2. Nf3 e6 3. d4 cxd4 4. Nxd4 a6 5. Bd3 Nc6 6. Nf3 Nf6 7. Qe2 Bd6 8.
Nbd2 Bb8 9. c4 Qc7 10. b3 Ba7 11. Bb2 Ng4 12. O-O d6 13. Rac1 e5 14. h3 Nf6 15.
Nh4 g6 16. Kh2 Qe7 17. Nhf3 Qd7 18. c5 Nh5 19. Nc4 Bxc5 20. Ncxe5 dxe5 21. Rxc5
Nf4 22. Nxe5 Qc7 23. Qe3 Nxd3 24. Qxd3 O-O 25. Qg3 Qe7 26. Rfc1 Bd7 27. Nxd7
Qxd7 28. Rd5 Qe7 29. f3 Rac8 30. Rcd1 Qc7 31. Rd6 Rfe8 32. h4 Nd8 33. Be5 Qa5
34. R6d5 Qxa2 35. Qf4 Nc6 36. Bf6 Qxb3 37. Qh6 1-0

[Event "Thüringenliga 2015/2016"]
[Site "?"]
[Date "2016.01.24"]
[Round "9"]
[White "Babrikowski, Peter"]
[Black "Neubauer, Andreas"]
[Result "1/2-1/2"]
[WhiteElo "2102"]
[BlackElo "2056"]
[PlyCount "41"]
[EventDate "2016.??.??"]
[WhiteTeam "SV Schott Jena"]
[BlackTeam "SG Blau-Weiß Stadtilm"]

1. e4 c5 2. Nf3 d6 3. c3 Nf6 4. d3 e5 5. Be2 Be7 6. O-O O-O 7. Nbd2 Nc6 8. Re1
Qc7 9. Nf1 d5 10. Ng3 d4 11. h3 Ne8 12. Bg5 Bxg5 13. Nxg5 g6 14. Bg4 h6 15. Nf3
Ng7 16. Qb3 Kh7 17. Bxc8 Raxc8 18. cxd4 cxd4 19. Rac1 Qe7 20. a3 Ne6 21. Qd1
1/2-1/2

[Event "Thüringenliga 2015/2016"]
[Site "?"]
[Date "2016.01.24"]
[Round "9"]
[White "George, Tom"]
[Black "Dreyer, Michael"]
[Result "1/2-1/2"]
[WhiteElo "2044"]
[BlackElo "2082"]
[PlyCount "63"]
[EventDate "2016.??.??"]
[WhiteTeam "SG Blau-Weiß Stadtilm"]
[BlackTeam "SV Schott Jena"]

1. e4 e5 2. Nf3 d6 3. d4 Nf6 4. dxe5 Nxe4 5. Qd5 Nc5 6. Bg5 Be7 7. exd6 Qxd6 8.
Nc3 c6 9. Qxd6 Bxd6 10. O-O-O Bc7 11. Bc4 Ne6 12. Ne4 O-O 13. Be7 Re8 14. Bd6
Bb6 15. Bg3 Na6 16. Bxa6 bxa6 17. Nd6 Rf8 18. Ne5 Nd4 19. Rhe1 Be6 20. c3 Nb5
21. Ndc4 f6 22. Nxb6 axb6 23. Nd7 Bxd7 24. Rxd7 Ra7 25. Rxa7 Nxa7 26. Re7 Rf7
27. Re6 Rb7 28. Re8+ Kf7 29. Rh8 h6 30. Bb8 c5 31. Bxa7 Rxa7 32. Rd8 1/2-1/2

[Event "Thüringenliga 2015/2016"]
[Site "?"]
[Date "2016.01.24"]
[Round "9"]
[White "Brömel, Richard"]
[Black "Siebarth, Marco"]
[Result "1/2-1/2"]
[WhiteElo "2064"]
[BlackElo "1953"]
[PlyCount "36"]
[EventDate "2016.??.??"]
[WhiteTeam "SV Schott Jena"]
[BlackTeam "SG Blau-Weiß Stadtilm"]

1. d4 Nf6 2. Nf3 e6 3. Bf4 c5 4. e3 Nc6 5. c3 Be7 6. Nbd2 Nh5 7. Bg3 b6 8. Ne5
Nxg3 9. Nxc6 dxc6 10. hxg3 cxd4 11. cxd4 Bb7 12. Be2 Rc8 13. O-O O-O 14. Bf3 a5
15. Rc1 Ba6 16. Be2 Bb7 17. Bf3 Ba6 18. Be2 Bb7 1/2-1/2

[Event "Thüringenliga 2015/2016"]
[Site "?"]
[Date "2016.01.24"]
[Round "9"]
[White "Werner, Justus"]
[Black "Vieweg, Klaus"]
[Result "1/2-1/2"]
[WhiteElo "1895"]
[BlackElo "1957"]
[PlyCount "52"]
[EventDate "2016.??.??"]
[WhiteTeam "SG Blau-Weiß Stadtilm"]
[BlackTeam "SV Schott Jena"]

1. c4 f5 2. g3 Nf6 3. Bg2 g6 4. Nc3 Bg7 5. d4 O-O 6. e3 c6 7. Nge2 d6 8. O-O e5
9. b3 Qc7 10. Ba3 Rd8 11. Rc1 a6 12. Qc2 e4 13. f3 exf3 14. Bxf3 Qe7 15. e4
fxe4 16. Nxe4 Nxe4 17. Qxe4 Qxe4 18. Bxe4 Nd7 19. Bxd6 Nf6 20. Be7 Re8 21. Bxf6
Bxf6 22. Rxf6 Rxe4 23. Rc2 Bg4 24. Rf2 Rae8 25. Kf1 Bh3+ 26. Kg1 Bg4 1/2-1/2

[Event "Thüringenliga 2015/2016"]
[Site "?"]
[Date "2016.01.24"]
[Round "9"]
[White "Bunke, Wilfried"]
[Black "Berner, Stephan"]
[Result "1/2-1/2"]
[WhiteElo "1910"]
[BlackElo "1865"]
[PlyCount "40"]
[EventDate "2016.??.??"]
[WhiteTeam "SV Schott Jena"]
[BlackTeam "SG Blau-Weiß Stadtilm"]

1. d4 e6 2. c4 Nf6 3. Nc3 Bb4 4. a3 Bxc3+ 5. bxc3 c5 6. f3 Nc6 7. e3 d6 8. Bd3
O-O 9. Ne2 b6 10. O-O Ba6 11. Ng3 Na5 12. Qe2 Rc8 13. d5 Nd7 14. f4 exd5 15.
cxd5 Bxd3 16. Qxd3 c4 17. Qc2 Nc5 18. e4 Re8 19. Be3 Nd3 20. Bd4 Nb3 1/2-1/2

[Event "Thüringenliga 2015/2016"]
[Site "?"]
[Date "2016.01.24"]
[Round "9"]
[White "Schmidt, Lothar"]
[Black "Mann, Jonas"]
[Result "1-0"]
[WhiteElo "1855"]
[BlackElo "1805"]
[PlyCount "79"]
[EventDate "2016.??.??"]
[WhiteTeam "SV Schott Jena"]
[BlackTeam "SG Blau-Weiß Stadtilm"]

1. d4 Nf6 2. Nf3 e6 3. Bf4 c5 4. e3 Be7 5. Nbd2 Nh5 6. Bg3 Nc6 7. c3 Nxg3 8.
hxg3 b6 9. Bd3 cxd4 10. exd4 h6 11. g4 Bb7 12. Ne4 d6 13. Qd2 Qc7 14. g5 O-O-O
15. gxh6 e5 16. d5 Na5 17. Ng3 gxh6 18. Bf5+ Kb8 19. b3 Bg5 20. Nxg5 hxg5 21.
Rxh8 Rxh8 22. Rc1 Qe7 23. c4 Bc8 24. Ke2 Nb7 25. b4 Qf6 26. Qd3 Rh2 27. Bxc8
Kxc8 28. Nf5 Rxg2 29. Qh3 g4 30. Qxg2 Qxf5 31. Qg3 Qg6 32. f3 f5 33. fxg4 fxg4
34. Qd3 e4 35. Qg3 Qg7 36. Qc3 Qh6 37. Rf1 Qh2+ 38. Rf2 Qh6 39. Qf6 Qc1 40.
Qe6+ 1-0

[Event "Thüringenliga 2015/2016"]
[Site "?"]
[Date "2016.01.24"]
[Round "9"]
[White "Pähtz, Thomas"]
[Black "Neidig, Stefan"]
[Result "1/2-1/2"]
[WhiteElo "2317"]
[BlackElo "2172"]
[PlyCount "25"]
[EventDate "2016.??.??"]
[WhiteTeam "Ilmenauer SV"]
[BlackTeam "TSG Apolda"]

1. e4 e5 2. Bc4 Nf6 3. d3 Nc6 4. Nf3 Be7 5. O-O O-O 6. Nbd2 d6 7. a3 Kh8 8. b4
a6 9. Bb2 Ng8 10. c3 f5 11. a4 fxe4 12. dxe4 Qe8 13. Re1 1/2-1/2

[Event "Thüringenliga 2015/2016"]
[Site "?"]
[Date "2016.01.24"]
[Round "9"]
[White "Middelhoff, Cornelius"]
[Black "Zehnter, Sebastian"]
[Result "0-1"]
[WhiteElo "2116"]
[BlackElo "2196"]
[PlyCount "76"]
[EventDate "2016.??.??"]
[WhiteTeam "TSG Apolda"]
[BlackTeam "Ilmenauer SV"]

1. d4 d5 2. c4 Nc6 3. Nf3 Bg4 4. Nc3 e6 5. cxd5 exd5 6. Bg5 Be7 7. Bxe7 Ngxe7
8. e3 O-O 9. Be2 Qd6 10. O-O Nd8 11. Rc1 c6 12. a3 Ne6 13. Na4 b6 14. b4 Rac8
15. Rc3 Bxf3 16. Bxf3 f5 17. Nb2 f4 18. Bg4 Rc7 19. Re1 Ng5 20. Nd3 Ne4 21. Rc2
fxe3 22. fxe3 Ng6 23. Rf1 Rxf1+ 24. Qxf1 Rf7 25. Qc1 Rf6 26. Bh5 Ne7 27. Ne5 c5
28. bxc5 bxc5 29. Ng4 Rf5 30. Be8 c4 31. Ne5 Qd8 32. g4 Rxe5 33. dxe5 Qxe8 34.
Rxc4 dxc4 35. Qxc4+ Kh8 36. Qxe4 Nc6 37. e6 h6 38. Qd5 Nd8 0-1

[Event "Thüringenliga 2015/2016"]
[Site "?"]
[Date "2016.01.24"]
[Round "9"]
[White "Mehlhorn, Uwe"]
[Black "Goemann, Jens"]
[Result "1-0"]
[WhiteElo "2097"]
[BlackElo "2073"]
[PlyCount "47"]
[EventDate "2016.??.??"]
[WhiteTeam "Ilmenauer SV"]
[BlackTeam "TSG Apolda"]

1. g3 Nf6 2. Bg2 g6 3. e4 d6 4. d4 Bg7 5. Nc3 O-O 6. Nf3 e5 7. dxe5 dxe5 8. Bg5
Qxd1+ 9. Rxd1 Na6 10. O-O Re8 11. Nxe5 Nxe4 12. Nxe4 Bxe5 13. c3 c6 14. f4 Bg7
15. Nd6 Re2 16. Bf3 Rxb2 17. Nc4 Bxc3 18. Nxb2 Bxb2 19. Rd8+ Kg7 20. Bg4 f5 21.
Re1 Bf6 22. Bxf6+ Kxf6 23. Bd1 Nc7 24. Bb3 1-0

[Event "Thüringenliga 2015/2016"]
[Site "?"]
[Date "2016.01.24"]
[Round "9"]
[White "Rohmeiß, Roberto"]
[Black "Sukaylo, Aleksey"]
[Result "1-0"]
[WhiteElo "1973"]
[BlackElo "2051"]
[PlyCount "91"]
[EventDate "2016.??.??"]
[WhiteTeam "TSG Apolda"]
[BlackTeam "Ilmenauer SV"]

1. d4 d5 2. Nf3 Nf6 3. e3 e6 4. Bd3 Be7 5. Nbd2 O-O 6. b3 c5 7. Bb2 Nc6 8. O-O
Qc7 9. Ne5 cxd4 10. exd4 Nb4 11. f4 Nxd3 12. Nxd3 b6 13. Rc1 Ba6 14. Qf3 Rac8
15. Rf2 Qb7 16. Ne5 b5 17. c3 Rc7 18. b4 Qc8 19. a3 Bb7 20. Nb3 Ne4 21. Rfc2 f6
22. Nd3 e5 23. Ndc5 exf4 24. Qxf4 Bd6 25. Qf3 Re7 26. Rf1 Rfe8 27. Bc1 Qc7 28.
g3 Bc8 29. Qh5 Bxg3 30. hxg3 Nxg3 31. Qxd5+ Kh8 32. Bf4 Be6 33. Nxe6 Qc8 34.
Bxg3 Rxe6 35. Nc5 Re3 36. Qg2 Qd8 37. Bf4 R3e7 38. d5 g5 39. Bg3 Re3 40. Rf3
Qxd5 41. Rxe3 Qd1+ 42. Re1 Rxe1+ 43. Bxe1 Qxe1+ 44. Kh2 Qh4+ 45. Qh3 Qf4+ 46.
Qg3 1-0

[Event "Thüringenliga 2015/2016"]
[Site "?"]
[Date "2016.01.24"]
[Round "9"]
[White "Möller, Axel"]
[Black "Mucha, Annegret"]
[Result "0-1"]
[WhiteElo "2007"]
[BlackElo "1992"]
[PlyCount "124"]
[EventDate "2016.??.??"]
[WhiteTeam "Ilmenauer SV"]
[BlackTeam "TSG Apolda"]

1. c4 b6 2. d4 Nf6 3. Nc3 Bb7 4. Nf3 g6 5. e3 Bg7 6. Bd3 O-O 7. e4 c5 8. d5 d6
9. O-O a6 10. a4 Nbd7 11. h3 Re8 12. Bb1 Nf8 13. Bf4 Ra7 14. g4 Ba8 15. Nd2 e6
16. Qf3 e5 17. Be3 h6 18. g5 hxg5 19. Bxg5 N8h7 20. Be3 Nh5 21. Qg4 Bb7 22. f4
exf4 23. Bxf4 Bc8 24. Qf3 Nxf4 25. Qxf4 Bxh3 26. Rf3 Bc8 27. Ne2 Bxb2 28. Ra2
Be5 29. Qh6 Qg5+ 30. Qxg5 Nxg5 31. Rb3 Rb7 32. Nf3 Nxf3+ 33. Rxf3 Bg4 34. Rb3
Kg7 35. Bd3 Reb8 36. Kg2 f5 37. exf5 gxf5 38. Ng3 Kf6 39. Rf2 Bxg3 40. Kxg3 Kg5
41. Bf1 Rf7 42. a5 f4+ 43. Kg2 b5 44. cxb5 axb5 45. Rxb5 Rh8 46. Bd3 Rf6 47.
Kg1 f3 48. Rbb2 Kf4 49. Rh2 Rxh2 50. Kxh2 Ke3 51. Bf1 Bf5 52. a6 Be4 53. a7
Bxd5 54. Rb8 Kf2 55. Bh3 c4 56. a8=Q Bxa8 57. Rxa8 d5 58. Rd8 c3 59. Rxd5 Rc6
60. Rd1 Ke2 61. Ra1 c2 62. Bf5 c1=Q 0-1

[Event "Thüringenliga 2015/2016"]
[Site "?"]
[Date "2016.01.24"]
[Round "9"]
[White "Carnot, Luca"]
[Black "Töpfer, Albrecht"]
[Result "0-1"]
[WhiteElo "1849"]
[BlackElo "1977"]
[PlyCount "70"]
[EventDate "2016.??.??"]
[WhiteTeam "TSG Apolda"]
[BlackTeam "Ilmenauer SV"]

1. Nf3 Nf6 2. g3 g6 3. Bg2 Bg7 4. O-O O-O 5. d4 d6 6. c4 Nc6 7. Nc3 a6 8. d5
Na5 9. Nd2 c5 10. Rb1 Rb8 11. a3 Ng4 12. e4 b5 13. cxb5 axb5 14. Qe2 Qb6 15. h3
Ne5 16. b4 Nac4 17. bxc5 Qxc5 18. Nb3 Qa7 19. Kh2 Ng4+ 20. hxg4 Bxc3 21. Bh6
Re8 22. Qd3 Bh8 23. Be3 Nxe3 24. fxe3 Qxa3 25. Qe2 b4 26. Qf3 Rf8 27. Qf4 Ba6
28. Rh1 Bd3 29. Kg1 Bg7 30. Nd4 Bxb1 31. g5 Rfc8 32. Nc6 Rb7 33. e5 dxe5 34.
Nxe5 Rc1+ 35. Bf1 Bxe5 0-1

[Event "Thüringenliga 2015/2016"]
[Site "?"]
[Date "2016.01.24"]
[Round "9"]
[White "Falk, Kristoffer"]
[Black "Maiwald, Harald"]
[Result "1/2-1/2"]
[WhiteElo "1871"]
[BlackElo "1989"]
[PlyCount "74"]
[EventDate "2016.??.??"]
[WhiteTeam "Ilmenauer SV"]
[BlackTeam "TSG Apolda"]

1. d4 Nf6 2. Nf3 g6 3. g3 Bg7 4. Bg2 O-O 5. c4 c5 6. O-O Nc6 7. Nc3 d6 8. dxc5
dxc5 9. Be3 Qa5 10. Qa4 Qxa4 11. Nxa4 Be6 12. Nxc5 Bxc4 13. Nd2 Bd5 14. Bxd5
Nxd5 15. Bg5 Bxb2 16. Rab1 Ba3 17. Nxb7 Nc3 18. Rb3 Nxe2+ 19. Kg2 Bb4 20. a3
Ned4 21. axb4 Nxb3 22. Nxb3 Nxb4 23. Bxe7 Rfb8 24. N7c5 a5 25. Bd6 Rd8 26. Bc7
Rdc8 27. Bxa5 Rxa5 28. Nxa5 Rxc5 29. Nb3 Rc2 30. Nd4 Ra2 31. Rd1 Nd5 32. Rd3
Nf6 33. Re3 Ng4 34. Re2 Ra4 35. Nf3 Kg7 36. Rb2 h6 37. h3 Nf6 1/2-1/2

[Event "Thüringenliga 2015/2016"]
[Site "?"]
[Date "2016.01.24"]
[Round "9"]
[White "Schmidt, Matthias"]
[Black "Schenk, Stefan"]
[Result "1-0"]
[WhiteElo "1946"]
[BlackElo "1898"]
[PlyCount "151"]
[EventDate "2016.??.??"]
[WhiteTeam "TSG Apolda"]
[BlackTeam "Ilmenauer SV"]

1. e4 c5 2. b3 d6 3. Bb2 e5 4. f4 Nc6 5. Nf3 exf4 6. Bb5 Nf6 7. e5 dxe5 8. Nxe5
Bd7 9. Nxd7 Qxd7 10. O-O O-O-O 11. Qf3 Bd6 12. Na3 Rhe8 13. Nc4 Bc7 14. Bxc6
Qxc6 15. Qxc6 bxc6 16. Bxf6 gxf6 17. Rf3 Rd5 18. Kf1 Rg5 19. Rf2 h5 20. Re1
Rxe1+ 21. Kxe1 Kd7 22. Ke2 Ke8 23. Kf3 Kf8 24. Nb2 Bd6 25. Nd3 c4 26. Nb2 cxb3
27. axb3 Rc5 28. Nc4 Bc7 29. Rf1 Rd5 30. Ra1 a5 31. Re1 Rc5 32. Re4 Rd5 33. d3
Rd8 34. Nd2 Rd5 35. Rc4 Rd6 36. Rc5 Re6 37. Nc4 Re1 38. Rxc6 Bd8 39. Kxf4 Rc1
40. Ne3 Ra1 41. Rc4 Bb6 42. d4 Re1 43. Kf3 Ke8 44. Nd5 Re6 45. Nxb6 Rxb6 46.
Rc5 Rb4 47. Rxa5 Rxd4 48. Rxh5 Rd2 49. Rc5 Kd7 50. h4 Kd6 51. Rc4 Rd1 52. g3 f5
53. c3 Rf1+ 54. Ke3 Re1+ 55. Kf4 Rf1+ 56. Kg5 Rf3 57. Kf6 Rxg3 58. Kxf5 Kd5 59.
Rc8 Rf3+ 60. Kg4 Rf1 61. Re8 Rg1+ 62. Kf3 Rh1 63. Kg3 Rg1+ 64. Kh2 Rb1 65. b4
Rb2+ 66. Kg3 Rc2 67. Re3 Rc1 68. Kg4 Rg1+ 69. Rg3 Re1 70. Rh3 Ke5 71. h5 f5+
72. Kf3 f4 73. Kf2 Ra1 74. h6 Ra8 75. h7 Rh8 76. Kf3 1-0

[Event "Thüringenliga 2015/2016"]
[Site "?"]
[Date "2016.01.24"]
[Round "9"]
[White "Recknagel, Michael"]
[Black "Seidens, Gunter"]
[Result "1/2-1/2"]
[WhiteElo "2194"]
[BlackElo "1826"]
[PlyCount "143"]
[EventDate "2016.??.??"]
[WhiteTeam "SC Suhl"]
[BlackTeam "VfL 1990 Gera"]

1. e4 c6 2. Nc3 g6 3. g3 Bg7 4. Bg2 e5 5. d3 Ne7 6. Nf3 O-O 7. O-O d5 8. Qe2
Qc7 9. Re1 d4 10. Nb1 c5 11. Nbd2 Nbc6 12. a4 b6 13. Nc4 Bd7 14. Nh4 a6 15. f4
b5 16. Nxe5 Nxe5 17. fxe5 bxa4 18. Nf3 Qb6 19. Nd2 Bb5 20. Nc4 Qe6 21. Bf4 Rab8
22. Nd2 Nc6 23. b3 axb3 24. Nxb3 c4 25. Nc5 Qe7 26. dxc4 Qxc5 27. cxb5 axb5 28.
Kh1 Nxe5 29. Rab1 Rfc8 30. Rec1 b4 31. Bf1 Rb6 32. Rb3 Nc4 33. h3 Na3 34. Qd3
Qc4 35. Qxc4 Nxc4 36. Rcb1 Bf8 37. Bd3 f6 38. h4 h6 39. Kh2 g5 40. Bc1 Bd6 41.
hxg5 hxg5 42. Kh3 Rbc6 43. Bxc4+ Rxc4 44. Bb2 Kf7 45. Kg4 Kg6 46. Rd1 Be5 47.
Rdd3 Rh8 48. Rd2 Rh1 49. Rbd3 Re1 50. Kf3 Rg1 51. Kf2 Rh1 52. Kf3 Rf1+ 53. Ke2
Rg1 54. Kf2 Rh1 55. Kf3 Re1 56. Bxd4 g4+ 57. Kf2 Rxe4 58. Be3 Rc3 59. Rxc3 bxc3
60. Rd3 Kf5 61. Bc5 Ra4 62. Re3 Ra2 63. Re2 Ra1 64. Kg2 Ra5 65. Be3 Ra1 66. Bc5
Rd1 67. Be3 Ke4 68. Bh6+ Kd5 69. Be3 f5 70. Bh6 Bd4 71. Bf4 Rg1+ 72. Kh2 {Der
Rest der Partie ist leider nicht nachvollziehbar. Es wurden noch 20 weitere
Züge bis zum Endspiel Turm gegen Turm und jeweils 0 Bauern ausgeführt.} 1/2-1/2

[Event "Thüringenliga 2015/2016"]
[Site "?"]
[Date "2016.01.24"]
[Round "9"]
[White "Schönfeld, Volker"]
[Black "Eichelmann, Andre"]
[Result "1/2-1/2"]
[WhiteElo "1898"]
[BlackElo "1901"]
[PlyCount "42"]
[EventDate "2016.??.??"]
[WhiteTeam "VfL 1990 Gera"]
[BlackTeam "SC Suhl"]

1. e4 d6 2. d4 g6 3. Nc3 Bg7 4. f4 a6 5. Nf3 Bg4 6. Be3 Nd7 7. h3 Bxf3 8. Qxf3
c5 9. O-O-O Qb6 10. e5 e6 11. dxc5 dxc5 12. Na4 Qc7 13. Rxd7 Kxd7 14. Nxc5+ Kc8
15. Bxa6 Rxa6 16. Nxa6 bxa6 17. Qa8+ Qb8 18. Qc6+ Qc7 19. Qxa6+ Qb7 20. Qc4+
Qc7 21. Qa6+ Qb7 1/2-1/2

[Event "Thüringenliga 2015/2016"]
[Site "?"]
[Date "2016.01.24"]
[Round "9"]
[White "Berghof, Axel"]
[Black "Huster, Mike"]
[Result "1-0"]
[WhiteElo "2046"]
[BlackElo "1900"]
[PlyCount "69"]
[EventDate "2016.??.??"]
[WhiteTeam "SC Suhl"]
[BlackTeam "VfL 1990 Gera"]

1. e4 d5 2. exd5 Nf6 3. b3 Nxd5 4. Bb2 Nc6 5. Nf3 Bg4 6. h3 Bh5 7. Nc3 e6 8.
Ne4 Bg6 9. Ng3 Bd6 10. Bb5 O-O 11. Bxc6 bxc6 12. O-O Nf4 13. Ne5 Qe8 14. Qf3
Nd5 15. c4 Nb4 16. Nxg6 fxg6 17. Qc3 Rf7 18. a3 Na6 19. Rae1 Bxg3 20. Qxg3 c5
21. Re2 Qd7 22. Rd1 Rd8 23. d4 Qc6 24. Qg4 Rf5 25. Rde1 Qb6 26. Rxe6 Qxb3 27.
Qe2 Qa4 28. d5 Rf7 29. Qe5 Qd7 30. Rxa6 Rdf8 31. Re6 Qc8 32. Re7 Qb7 33. Re8
Qb3 34. Rxf8+ Rxf8 35. Qxg7# 1-0

[Event "Thüringenliga 2015/2016"]
[Site "?"]
[Date "2016.01.24"]
[Round "9"]
[White "Richter, Sven"]
[Black "Feld-Gerdes, Wolfgang"]
[Result "1-0"]
[WhiteElo "1950"]
[BlackElo "2048"]
[PlyCount "154"]
[EventDate "2016.??.??"]
[WhiteTeam "VfL 1990 Gera"]
[BlackTeam "SC Suhl"]

1. e4 c5 2. Nf3 g6 3. g3 Bg7 4. Bg2 Nc6 5. d3 d6 6. O-O Bg4 7. c3 Qd7 8. Nbd2
Nf6 9. Qc2 Rc8 10. a4 b6 11. Nc4 e5 12. Ng5 h6 13. f3 Be6 14. Nxe6 fxe6 15. f4
exf4 16. gxf4 O-O 17. Qb3 d5 18. Ne3 c4 19. dxc4 dxe4 20. Qc2 Qd3 21. Qf2 Rcd8
22. Rd1 Qxd1+ 23. Nxd1 Rxd1+ 24. Bf1 Rfd8 25. Qc2 e5 26. Rb1 Kh7 27. Be3 R1d7
28. Be2 exf4 29. Bxf4 Ne7 30. Rd1 Nf5 31. Rxd7 Rxd7 32. a5 Bf8 33. b4 bxa5 34.
c5 Nd5 35. c6 Re7 36. Qd2 Nc7 37. Bc4 e3 38. Qd8 Ne8 39. c7 e2 40. Bxe2 Nxc7
41. Bxc7 Bg7 42. Bd3 Rf7 43. Bc4 Rf8 44. Qd7 axb4 45. cxb4 Kh8 46. Qe6 Bd4+ 47.
Kh1 Kh7 48. Bd3 Bc3 49. b5 h5 50. Be5 Bxe5 51. Qxe5 Rf7 52. Qe6 Kg7 53. Bc4 Re7
54. Qg8+ Kf6 55. Qh8+ Kg5 56. Qd8 Kh6 57. h4 Kg7 58. Kg1 Kf6 59. Qh8+ Rg7 60.
Qf8+ Ke5 61. Bd3 Rd7 62. Qb8+ Kf6 63. Qh8+ Rg7 64. Bxf5 gxf5+ 65. Kf2 Kg6 66.
Qd8 Kh7 67. Kf3 Kh6 68. Kf4 Kh7 69. Kxf5 Rb7 70. Qe8 Kg7 71. Kg5 Rb6 72. Qd7+
Kh8 73. Kxh5 Rb8 74. Qd4+ Kg8 75. Qd5+ Kh7 76. Qd7+ Kg8 77. Kg6 Rb6+ {ZÜ} 1-0

[Event "Thüringenliga 2015/2016"]
[Site "?"]
[Date "2016.01.24"]
[Round "9"]
[White "Müller, Bernd"]
[Black "Manicke, Hans-Joachim"]
[Result "1/2-1/2"]
[WhiteElo "1704"]
[BlackElo "1876"]
[PlyCount "21"]
[EventDate "2016.??.??"]
[WhiteTeam "SC Suhl"]
[BlackTeam "VfL 1990 Gera"]

1. e4 c6 2. d4 d5 3. e5 Bf5 4. h4 h5 5. Ne2 e6 6. Ng3 Bg6 7. Be2 c5 8. c3 Nc6
9. Be3 cxd4 10. cxd4 a6 11. a3 1/2-1/2

[Event "Thüringenliga 2015/2016"]
[Site "?"]
[Date "2016.01.24"]
[Round "9"]
[White "Kretzschmar, Bernd"]
[Black "Koch, Stefan"]
[Result "0-1"]
[WhiteElo "1810"]
[BlackElo "1902"]
[PlyCount "148"]
[EventDate "2016.??.??"]
[WhiteTeam "VfL 1990 Gera"]
[BlackTeam "SC Suhl"]

1. e4 d5 2. exd5 Qxd5 3. Nc3 Qd6 4. d4 Nf6 5. Nf3 Bg4 6. Be2 c6 7. h3 Bxf3 8.
Bxf3 e6 9. Be3 Nbd7 10. O-O Be7 11. Qd2 Nb6 12. b3 O-O 13. Ne4 Nxe4 14. Bxe4
Nd5 15. Rad1 Nxe3 16. fxe3 Rad8 17. Qe2 f5 18. Bf3 Qg3 19. Qf2 Qg5 20. c4 Kh8
21. Be2 e5 22. Kh1 f4 23. Rd3 fxe3 24. Qxe3 Rxf1+ 25. Bxf1 exd4 26. Qe4 Bf6 27.
Rf3 Qe5 28. Qxe5 Bxe5 29. Bd3 Bf6 30. Kg1 Kg8 31. Kf2 Re8 32. g3 Re5 33. a4 h6
34. Bf5 Kf7 35. Bd3 Ke8 36. b4 a5 37. b5 Kd7 38. Bf5+ Kc7 39. Bg6 cxb5 40. cxb5
Kb6 41. Rd3 Kc5 42. h4 Re7 43. Rb3 Kc4 44. Bc2 b6 45. Rd3 Kb4 46. Bd1 Rc7 47.
Rb3+ Kc4 48. Rb1 d3 49. Ke3 Re7+ 50. Kf3 Kc3 51. Bb3 d2 52. Bd1 Re1 53. Rb3+
Kc4 54. Rb1 Bc3 55. Bb3+ Kd4 56. Bd1 Bb4 57. Kf2 Re3 58. g4 Rc3 59. Ke2 Rh3 60.
h5 Re3+ 61. Kf2 Ba3 62. Rb3 Re1 63. Rxa3 Rxd1 64. Ke2 Rg1 65. Kxd2 Rg2+ 66. Ke1
Rxg4 67. Rf3 Kc5 68. Kd2 Rxa4 69. Rg3 Ra2+ 70. Kc1 Kxb5 71. Rxg7 Rh2 72. Rg6
Rxh5 73. Kb2 Kc5 74. Re6 b5 0-1

[Event "Thüringenliga 2015/2016"]
[Site "?"]
[Date "2016.01.24"]
[Round "9"]
[White "Will, Ralph"]
[Black "Fijalkowski, Jürgen"]
[Result "1-0"]
[WhiteElo "1735"]
[BlackElo "1829"]
[PlyCount "63"]
[EventDate "2016.??.??"]
[WhiteTeam "SC Suhl"]
[BlackTeam "VfL 1990 Gera"]

1. d4 d5 2. c4 e6 3. Nf3 Nf6 4. g3 c6 5. cxd5 exd5 6. Bg2 Be7 7. Nc3 O-O 8. O-O
Nbd7 9. Bg5 Re8 10. Re1 h6 11. Bxf6 Nxf6 12. Qc2 Qb6 13. Rad1 Be6 14. e3 Rac8
15. Na4 Qc7 16. Rc1 Ne4 17. a3 Bf5 18. Qd1 Nd6 19. Ne5 f6 20. Bxd5+ Kh7 21. Nd3
Qa5 22. Bb3 b6 23. Bc2 Kh8 24. Nc3 Qa6 25. Nf4 Bd8 26. Bxf5 Nxf5 27. Qh5 Nd6
28. e4 Rg8 29. e5 fxe5 30. dxe5 Ne8 31. Ng6+ Kh7 32. Qf5 1-0

[Event "Thüringenliga 2015/2016"]
[Site "?"]
[Date "2016.01.24"]
[Round "9"]
[White "Walther, Thomas"]
[Black "Fuhrmann, Christian"]
[Result "1-0"]
[WhiteElo "1825"]
[BlackElo "1771"]
[PlyCount "55"]
[EventDate "2016.??.??"]
[WhiteTeam "VfL 1990 Gera"]
[BlackTeam "SC Suhl"]

1. e4 c5 2. Nf3 Nc6 3. d4 cxd4 4. Nxd4 Nf6 5. Nc3 d6 6. Bg5 e5 7. Bxf6 gxf6 8.
Ndb5 a6 9. Na3 b5 10. Nd5 Be6 11. c3 Bg7 12. Bd3 Ne7 13. Nxe7 Qxe7 14. O-O O-O
15. Nc2 Bc4 16. Bxc4 bxc4 17. Ne3 Qe6 18. Nf5 Kh8 19. Qh5 Rg8 20. f4 Bf8 21.
Rf3 Rg6 22. Rh3 h6 23. Rf1 exf4 24. Rxf4 Rg5 25. Qf3 Rb8 26. Nxh6 Bxh6 27. Rxf6
Qg4 28. Rfxh6+ 1-0

[Event "Landesklasse Ost 2015/2016"]
[Site "?"]
[Date "2016.01.31"]
[Round "9"]
[White "Taudte, Stefan"]
[Black "Wagner, Günther"]
[Result "1-0"]
[WhiteElo "1947"]
[BlackElo "1776"]
[PlyCount "33"]
[EventDate "2016.??.??"]
[WhiteTeam "SV Empor Erfurt"]
[BlackTeam "SV Jenapharm Jena"]

1. d4 Nf6 2. c4 e6 3. Nf3 d5 4. Bg5 c5 5. Nc3 Nc6 6. e3 cxd4 7. Nxd4 Be7 8.
cxd5 exd5 9. Bb5 O-O 10. Bxc6 bxc6 11. Nxc6 Qd6 12. Nxe7+ Qxe7 13. Nxd5 Qe5 14.
Bxf6 gxf6 15. f4 Qxb2 16. O-O Bf5 17. Ne7+ 1-0

[Event "Landesklasse Ost 2015/2016"]
[Site "?"]
[Date "2016.01.31"]
[Round "9"]
[White "Riedel, Hans-Joachim"]
[Black "Nicolai, Tim"]
[Result "0-1"]
[WhiteElo "1769"]
[BlackElo "1853"]
[PlyCount "81"]
[EventDate "2016.??.??"]
[WhiteTeam "SV Jenapharm Jena"]
[BlackTeam "SV Empor Erfurt"]

1. e4 e5 2. Bc4 Nf6 3. d4 exd4 4. Nf3 Nc6 5. e5 d5 6. Bb5 Ne4 7. Nxd4 Bd7 8.
Bxc6 bxc6 9. O-O Be7 10. c3 O-O 11. Be3 Nc5 12. f4 f6 13. Nf3 Ne4 14. Nbd2 Nxd2
15. Qxd2 Bg4 16. exf6 Bxf6 17. h3 Bxf3 18. Rxf3 Qd7 19. Bc5 Rfe8 20. Re1 Qf5
21. a3 Re4 22. Bf2 Rae8 23. Rxe4 dxe4 24. g4 Qd5 25. Qe2 Be7 26. Rg3 Bd6 27.
Bxa7 c5 28. b4 Bxf4 29. Rg2 Ra8 30. Bxc5 Rxa3 31. Rf2 g5 32. Bd4 Ra1+ 33. Rf1
Ra2 34. Qd1 e3 35. Qf3 Bh2+ 36. Kh1 Qxf3+ 37. Rxf3 e2 38. Bf2 Bf4 39. Be1 Ra1
40. Kg2 Rxe1 41. Kf2 0-1